Music Quiz

Random Music or Singers Quiz
Score 0/20 Timer 05:00
0 Plays Today
% Correct
Simon & Garfunkel
92.9%
Wham!
85.7%
The Carpenters
85.7%
Eurythmics
78.6%
Hall & Oates
78.6%
Everly Brothers
71.4%
Righteous Brothers
64.3%
Pet Shop Boys
64.3%
Milli Vanilli
57.1%
Daft Punk
57.1%
% Correct
Roxette
57.1%
Erasure
50%
t.A.T.u.
50%
Olsen Brothers
42.9%
Zager & Evans
42.9%
Righeira
28.6%
Baccara
21.4%
Modern Talking
21.4%
Laid Back
14.3%
Oliver Onions
7.1%
Remove Ads.
Support Sporcle.
Get the best of Sporcle when you Go Orange. This ad-free experience offers more features, more stats, and more fun while also helping to support Sporcle. Thank you for becoming a member.

You're not logged in!

Compare scores with friends on all Sporcle quizzes.
OR
Log In

Sporcle TV

Today on Sporcle TV


Watch our educational content, quiz creation guides, and fun videos on Sporcle TV.

Show Comments

Extras

Top Quizzes Today


Score Distribution

Paid Content

Your Account Isn't Verified!

In order to create a playlist on Sporcle, you need to verify the email address you used during registration. Go to your Sporcle Settings to finish the process.

Report this User

Report this user for behavior that violates our Community Guidelines.

Details: